000 01010nam a2200253Ia 4500
003 IN-BaIIA
008 211028s9999 xx 000 0 eng d
020 _a0-7923-2547-8
040 _cIIA Library
080 _a082.2:52
_bIAU-S157
111 _aSymposium of the International Astronomical Union
_cGermany
_d1992 Sept. 7-11
_918764
245 4 _aThe cosmic dynamo
_bproceedings of the 157th symposium of the International Astronomical Union held in Potsdam, Germany,September 7-11,1992
_cedited by F. Krause, K-H Radler and G. Rudiger
260 _aDordrecht
_bKluwer Academic
_c1993
300 _axxxii, 499p.
490 _aIAU symposium; no. 157
650 _aAstronomy and astrophysics thesaurus
650 _aCosmic physics
_911148
650 _aMagnetic fields
_9530
700 _aKrause, F., ed.
_918765
700 _aRadler, K-H., ed.
_918766
700 _aRudiger, G., ed.
_917415
710 _aInternational Astronomical Union
942 _cBK
999 _c10985
_d10985